000 00290nam a22001337a 4500
008 171003b xxu||||| |||| 00| 0 eng d
020 _a9780716764502
041 _aeng
080 _a15939
100 _a48
101 _aPSI
245 _aHEALTH PSYCHOLOGY
_cSTRAUB.R.O
942 _2udc
_cBK
999 _c31475
_d31475